The withdrawal : (Record no. 750639)

MARC details
000 -LEADER
fixed length control field 02502cam a2200277 i 4500
020 ## - INTERNATIONAL STANDARD BOOK NUMBER
ISBN 9789392018206
082 04 - DEWEY DECIMAL CLASSIFICATION NUMBER
Classification number 327.73 CHO/W
Edition number 23/eng/20220920
100 1# - MAIN ENTRY--AUTHOR NAME
Personal name Chomsky, Noam,
245 14 - TITLE STATEMENT
Title The withdrawal :
Sub Title Iraq, Libya, Afghanistan, and the fragility of U.S. power /
Statement of responsibility, etc by Noam Chomsky and Vijay Prashad.
246 30 - VARYING FORM OF TITLE
Title proper/short title Iraq, Libya, Afghanistan, and the fragility of U.S. power
260 ## - PUBLICATION, DISTRIBUTION, ETC. (IMPRINT)
Place of publication . - New Delhi
Name of publisher : Left word Books
Year of publication , 2024
300 ## - PHYSICAL DESCRIPTION
Number of Pages xiii, 208 pages ;
500 ## - GENERAL NOTE
General note Foreword statement of responsibility from jacket cover.
500 ## - GENERAL NOTE
General note "The withdrawal is based on conversations between the two of us held in late 2021, but also on conversations we have had over the courses of the past few years. The book is an edited version of these conversations"--Page 16.
504 ## - BIBLIOGRAPHY, ETC. NOTE
Bibliography, etc Includes bibliographical references.
505 0# - FORMATTED CONTENTS NOTE
Formatted contents note Vietnam and Laos -- 9/11 and Afghanistan -- Iraq -- Libya -- Fragilities of U.S. Power.
520 ## - SUMMARY, ETC.
Summary, etc "Not since the last American troops left Vietnam have we faced such a sudden vacuum in our foreign policy--not only of authority, but also of explanations of what happened, and what the future holds. Few analysts are better poised to address this moment than Noam Chomsky and Vijay Prashad, intellectuals and critics whose work spans generations and continents. Called "the most widely read voice on foreign policy on the planet" by the New York Times Book Review, Noam Chomsky is the guiding light of dissidents around the world. In The Withdrawal, Chomsky joins with noted scholar Vijay Prashad--who "helps to uncover the shining worlds hidden under official history and dominant media" (Eduardo Galeano)--to get at the roots of this unprecedented time of peril and change. Chomsky and Prashad interrogate key inflection points in America's downward spiral: from the disastrous Iraq War to the failed Libyan intervention to the descent into chaos in Afghanistan. As the final moments of American power in Afghanistan fade from view, this crucial book argues that we must not take our eyes off the wreckage--and that we need, above all, an unsentimental view of the new world we must build together." --
650 #0 - SUBJECT ADDED ENTRY--TOPICAL TERM
Topical Term Vietnam War, 1961-1975
650 #7 - SUBJECT ADDED ENTRY--TOPICAL TERM
Topical Term POLITICAL SCIENCE / Security (National & International)
650 #7 - SUBJECT ADDED ENTRY--TOPICAL TERM
Topical Term Diplomatic relations.
650 #7 - SUBJECT ADDED ENTRY--TOPICAL TERM
Topical Term Influence (Literary, artistic, etc.)
700 1# - ADDED ENTRY--PERSONAL NAME
Personal name Prashad, Vijay,
700 1# - ADDED ENTRY--PERSONAL NAME
Personal name Davis, Angela Y.
942 ## - ADDED ENTRY ELEMENTS (KOHA)
Source of classification or shelving scheme Dewey Decimal Classification
Koha item type Book
Holdings
Withdrawn status Lost status Source of classification or shelving scheme Damaged status Not for loan Home Library Current Location Date acquired Full call number Accession Number Price effective from Koha item type
    Dewey Decimal Classification     Dept. of Political Science Dept. of Political Science 06/02/2025 327.73 CHO/W POL23744 28/07/2025 Book